- Ornelas Tavárez, Gloria Evangelina
Entry Nombre Personal
001 - NUMERO DE CONTROL
- campo de control: 43933
003 - IDENTIFICADOR DE NUMERO DE CONTROL
- campo de control: DLC
005 - FECHA Y HORA DE LA ÜLTIMA TRANSACCIÓN
- campo de control: 20260320145812.0
008 - DATOS DE LONGITUD FIJA
- campo de control de longitud fija: 220329n| acannaabn |a aaa c
010 ## - NÚMERO DE CONTROL DE LA BIBLIOTECA DEL CONGRESO
- Número de control LC: no2003035806
- Número de Control LC Cancelado/inválido: no2005090743
024 ## - OTROS IDENTIFICADORES NORMALIZADOS
- Número normalizado o código: 3145911077127061852
- Fuente: viaf
- URI: http://viaf.org/viaf/3145911077127061852
024 ## - OTROS IDENTIFICADORES NORMALIZADOS
- Número normalizado o código: 0000000042712939
- Fuente: isni
- URI: https://isni.org/isni/0000000042712939
024 ## - OTROS IDENTIFICADORES NORMALIZADOS
- Número normalizado o código: Q138748293
- Fuente: wikidata
- URI: https://www.wikidata.org/wiki/Q138748293
035 ## - NUMERO DE CONTROL
- Número de control: (OCoLC)oca06020974
040 ## - FUENTE DE CATALOGACIÓN
- Agencia original de catalogación: MX-SlUA
- Lenguaje de catalogación: spa
- Agencia de transcripción: MX-SlUA
- Agencia que lo modifica: DLC
- Agencia que lo modifica: MX-MxUPN
100 1# - ENCABEZAMIENTO - NOMBRE PERSONAL
- Nombre personal: Ornelas Tavárez, Gloria Evangelina
370 ## - LUGAR ASOCIADO
- Other associated place: Ciudad de México (México)
- Fuente del término: naf
371 ## - DIRECCIÓN
- Electronic mail address: gornelas@upn.mx
372 ## - CAMPO DE ACTIVIDAD
- Field of activity: Educación
373 ## - GRUPO ASOCIADO
- Associated group: Universidad Pedagógica Nacional (México)
- Associated group: Universidad Nacional Autónoma de México
- Fuente del término: naf
374 ## - OCUPACIÓN
- Occupation: Educadora
374 ## - OCUPACIÓN
- Occupation: Pedagoga
374 ## - OCUPACIÓN
- Occupation: Profesora universitaria
- Fuente del término: Investigadora
377 ## - LENGUA ASOCIADA
- Language code: spa
400 1# - VEÁSE - NOMBRE DE PERSONA
- Personal name: Tavárez, Gloria Evangelina Ornelas
400 1# - VEÁSE - NOMBRE DE PERSONA
- Personal name: Ornelas, Gloria Evangelina
400 1# - VEÁSE - NOMBRE DE PERSONA
- Personal name: Ornelas, Gloria E.
670 ## - FUENTE EN LA QUE SE LOCALIZARON DATOS
- Cita de la fuente: Formación docente en la cultura?, 2000:
- Información localizada: portada (Gloria Evangelina Ornelas Tavárez)
670 ## - FUENTE EN LA QUE SE LOCALIZARON DATOS
- Cita de la fuente: Práctica docente y dinámica cultural en la escuela primaria, 2005:
- Información localizada: portada (Gloria Evangelina Ornelas)
670 ## - FUENTE EN LA QUE SE LOCALIZARON DATOS
- Cita de la fuente: En la obra: Diversidad, ciudadanía y educación, 2015:
- Información localizada: portada (Gloria E. Ornelas)
670 ## - FUENTE EN LA QUE SE LOCALIZARON DATOS
- Cita de la fuente: Sitio web UPN, 20 marzo 2026:
- Información localizada: (Gloria Evangelina Ornelas Tavarez; Doctorada en Antropología por la Universidad Nacional Autónoma de México; líneas de investigación: Cosmovisión y Campo educativo; Miembro del Sistema Nacional de Investigadores SNI Nivel 1; gornelas@upn.mx)
- Uniform Resource Identifier: https://area2.upnvirtual.edu.mx/index.php/cuerpos-academicos/dce/103-dra-gloria-evangelina-ornelas-tavarez
902 ## - CATALOGADOR
- Catalogador: JohanaAllegre/200326
